| 000 | 01031nam a22002057a 4500 | ||
|---|---|---|---|
| 999 |
_c10003 _d10003 |
||
| 003 | AR-CdUCM | ||
| 008 | 190329b ||||| |||| 00| 0 spa d | ||
| 040 |
_aMUNICIPALIDAD PROVINCIAL DEL CUSCO _cBIBLIOTECA MUNICIPAL DEL CUSCO |
||
| 082 |
_a526.6 / _bD67 /1953 |
||
| 100 |
_aDianderas Sanchez, Gerardo, _926596 |
||
| 245 |
_aGeografía matemática : _blecciones dictadas en la Facultad de Ciencias y en el Instituto de Geografía de la Universidad Nacional Mayor de San Marcos / |
||
| 260 |
_aLima : _c1953. |
||
| 300 |
_a255 paginas ;. _bIlustraciones, formulas, cuadros, diggramas, _c24 cm. |
||
| 505 | _aContenido : Definición y objeto de la geografía matemática -- Unidades de medida -- Constitución general del universo -- Descripción, dimensiones y forma de nuestra galaxia -- Origen del sistema planetario solar -- Paralaje del sol por la paralaje de venus... | ||
| 650 |
_aGeografía _9318 |
||
| 650 |
_aMatemática _919387 |
||
| 650 |
_aSistema planetario solar _926597 |
||
| 942 |
_2ddc _cLIBROS |
||
| 945 | _awnts | ||